[Event "World Youth Girl U14 2016"]
[Site "Khanty-Mansiysk RUS"]
[Date "2016.09.25"]
[Round "4.18"]
[White "Ulziikhishigjargal, Ochirkhuyag"]
[Black "Pandey, Ritika"]
[Result "1-0"]
[WhiteElo "1888"]
[BlackElo "1641"]
[WhiteFideId "4903188"]
[BlackFideId "30903670"]
[EventDate "2016.09.22"]

1. e4 e5 2. Nf3 Nc6 3. Bc4 Bc5 4. c3 Nf6 5. b4 Bb6 6. d3 O-O 7. a4 a6 8. Ba2 d5
9. Qe2 Re8 10. Bg5 d4 11. b5 axb5 12. axb5 Nb8 13. Bxf7+ Kxf7 14. Rxa8 Nbd7 15.
cxd4 exd4 16. O-O h6 17. Bh4 Kg8 18. e5 Kh8 19. exf6 Nxf6 20. Bxf6 gxf6 21. Qd2
Kh7 22. Re1 Rg8 23. Rxc8 Qxc8 24. Re7+ Rg7 25. Rxg7+ Kxg7 26. Qf4 Qe6 27. Nbd2
Qd5 28. Ne4 f5 29. Ng3 Qe6 30. Nxf5+ Kh7 31. N5xd4 Bxd4 32. Qxd4 Qf5 33. Ne5 c6
34. bxc6 bxc6 35. Nxc6 Qe6 36. Qe4+ 1-0

[Event "World Youth Girl U14 2016"]
[Site "Khanty-Mansiysk RUS"]
[Date "2016.09.25"]
[Round "4.19"]
[White "Koubova, Anna Marie"]
[Black "Aciu, Malina-Andreea"]
[Result "0-1"]
[WhiteElo "1822"]
[BlackElo "1876"]
[WhiteFideId "381470"]
[BlackFideId "1240323"]
[EventDate "2016.09.22"]

1. d4 Nf6 2. c4 c5 3. d5 e6 4. Nc3 exd5 5. cxd5 d6 6. Nf3 g6 7. Bf4 a6 8. a4 Bg7
9. h3 O-O 10. e3 Qe7 11. Nd2 Nbd7 12. Be2 Ne5 13. Bh2 g5 14. O-O Ne8 15. f4 Ng6
16. Kh1 f5 17. fxg5 Qxg5 18. Rf3 Rb8 19. e4 f4 20. a5 Nf6 21. Nc4 Rd8 22. Qd2
Bh6 23. Raf1 Nh5 24. Rd3 Kh8 25. Bxh5 Qxh5 26. Qe2 Qg5 27. Rdf3 Qf6 28. Qd3 Rf8
29. Ne2 Ne5 30. Nxe5 dxe5 31. Qc3 b6 32. axb6 Rxb6 33. Bg1 Rg8 34. Bxc5 Qg7 35.
R1f2 Rg6 36. Qc1 Rxg2 37. Qf1 Rg6 38. Rh2 Qc7 39. Ba3 Qc4 40. Rff2 Qxe4+ 0-1

[Event "World Youth Girl U14 2016"]
[Site "Khanty-Mansiysk RUS"]
[Date "2016.09.25"]
[Round "4.20"]
[White "Mangalam, Shreya B"]
[Black "Grischenko, Kamila"]
[Result "1/2-1/2"]
[WhiteElo "1739"]
[BlackElo "1839"]
[WhiteFideId "2085070"]
[BlackFideId "14147491"]
[EventDate "2016.09.22"]

1. e4 d6 2. d4 Nf6 3. Nc3 g6 4. g3 Bg7 5. Bg2 O-O 6. Nge2 Nbd7 7. O-O c6 8. a4
e5 9. h3 Re8 10. Be3 Qe7 11. Qd2 exd4 12. Bxd4 d5 13. exd5 Nxd5 14. Bxg7 Kxg7
15. Nxd5 cxd5 16. Nf4 Nf6 17. Rfe1 Be6 18. Rad1 Qc5 19. Re3 Rad8 20. Rc1 Qb6 21.
Rb3 Qc6 22. a5 Qc7 23. Re3 Qd7 24. Qd4 Qc6 25. Rc3 Qd7 26. Re3 Qc6 27. Rc3 Qd7 1/2-1/2

[Event "World Youth Girl U14 2016"]
[Site "Khanty-Mansiysk RUS"]
[Date "2016.09.25"]
[Round "4.22"]
[White "Nestorovic, Katarina"]
[Black "Skaslien, Ingrid"]
[Result "1-0"]
[WhiteElo "2017"]
[BlackElo "1588"]
[WhiteFideId "954632"]
[BlackFideId "1520660"]
[EventDate "2016.09.22"]

1. e4 c5 2. Nf3 a6 3. b3 e6 4. Bb2 Nc6 5. d4 cxd4 6. Nxd4 Nf6 7. Nxc6 bxc6 8.
Bd3 d5 9. e5 Nd7 10. O-O Bb7 11. f4 Nc5 12. Qf3 g6 13. f5 Nxd3 14. fxe6 Bc5+ 15.
Kh1 f5 16. cxd3 Qe7 17. Nd2 Qxe6 18. Qf4 Bf8 19. Nf3 Bg7 20. Ba3 Kd7 21. Qb4
Rab8 22. Ng5 Bf8 23. Qxf8 Rhxf8 24. Nxe6 Kxe6 25. Bxf8 Rxf8 26. d4 Rc8 27. Rac1
Rc7 28. h3 g5 29. Kh2 h5 30. g4 f4 31. Kg2 h4 32. Rc5 Rc8 33. Rfc1 Rb8 34. b4
Ba8 35. Rb1 Bb7 36. a4 Rf8 37. Kf3 Ra8 38. Rb3 Kd7 39. b5 axb5 40. axb5 Ra4 41.
bxc6+ Bxc6 42. e6+ Kd6 43. Rb6 Ra3+ 44. Kf2 Kxe6 45. Rbxc6+ Kd7 46. Rc3 Ra2+ 47.
Rc2 Ra3 48. Kg2 Rg3+ 49. Kh2 1-0

[Event "World Youth Girl U14 2016"]
[Site "Khanty-Mansiysk RUS"]
[Date "2016.09.25"]
[Round "4.23"]
[White "Oberholzer, Imarie"]
[Black "Swiech, Joanna"]
[Result "0-1"]
[WhiteTitle "WFM"]
[WhiteElo "1512"]
[BlackElo "1962"]
[WhiteFideId "14306506"]
[BlackFideId "1183486"]
[EventDate "2016.09.22"]

1. e4 d5 2. exd5 Qxd5 3. Nc3 Qa5 4. d4 Nf6 5. Nf3 Bf5 6. Ne5 Nbd7 7. Nc4 Qa6 8.
Bf4 Qc6 9. Ne3 Bg6 10. Bb5 Qb6 11. Bxd7+ Kxd7 12. O-O e6 13. d5 Bd6 14. dxe6+
fxe6 15. Nc4 Qc5 16. Ne5+ Ke7 17. Nxg6+ hxg6 18. Bxd6+ cxd6 19. Qf3 d5 20. Rfe1
Rh5 21. h3 Rf8 22. Qd3 Ng4 23. Qe2 Re5 24. hxg4 Rxe2 25. Rxe2 g5 26. Rae1 Rf6
27. Rd2 Kf7 28. Re5 Qb4 29. Rxg5 Qf4 30. Nxd5 Qxd2 31. Nxf6 Qxg5 32. Ne4 Qc1+
33. Kh2 Qf4+ 34. Ng3 Qxf2 0-1

[Event "World Youth Girl U14 2016"]
[Site "Khanty-Mansiysk RUS"]
[Date "2016.09.25"]
[Round "4.24"]
[White "Bechvaia, Maia"]
[Black "Akulova, Alicia"]
[Result "1-0"]
[WhiteElo "1848"]
[BlackElo "1563"]
[WhiteFideId "13613294"]
[BlackFideId "242861"]
[EventDate "2016.09.22"]

1. e4 c5 2. Nf3 Nc6 3. c3 d5 4. exd5 Qxd5 5. d4 Bf5 6. Be3 cxd4 7. Nxd4 Rd8 8.
Na3 Nxd4 9. Qxd4 Nf6 10. Qxa7 e5 11. Nb5 Qc6 12. Qa5 Bd6 13. Nxd6+ Qxd6 14. Bb5+
Bd7 15. Rd1 Qe6 16. O-O O-O 17. Bc5 Rfe8 18. Rd6 Qg4 19. Rfd1 Ra8 20. Qb6 Bxb5
21. Qxb5 Ne4 22. Rd7 Nxc5 23. Qxc5 Rxa2 24. Qd5 Qe6 25. Qxe6 fxe6 26. Rxb7 Ra5
27. f3 h6 28. Rdd7 Ra1+ 29. Kf2 g5 30. Rg7+ Kh8 31. Rh7+ Kg8 32. Rxh6 1-0

[Event "World Youth Girl U14 2016"]
[Site "Khanty-Mansiysk RUS"]
[Date "2016.09.25"]
[Round "4.25"]
[White "Marais, Nina"]
[Black "Beshukova, Alina"]
[Result "1/2-1/2"]
[WhiteTitle "WCM"]
[WhiteElo "1544"]
[BlackElo "1820"]
[WhiteFideId "14306883"]
[BlackFideId "24164828"]
[EventDate "2016.09.22"]

1. d4 Nf6 2. Nf3 g6 3. Nc3 d5 4. Bf4 Bg7 5. e3 O-O 6. Be2 c5 7. Ne5 Nc6 8. Bf3
cxd4 9. exd4 Qb6 10. Nxc6 Qxc6 11. Qd2 Ne4 12. Nxe4 dxe4 13. Be2 Rd8 14. O-O-O
Rxd4 15. Qe3 Rxd1+ 16. Rxd1 Be6 17. Qa3 Rc8 18. c3 Bf6 19. Kb1 a6 20. Be3 Bc4
21. Bxc4 Qxc4 22. Qa5 Kg7 23. Qb6 Qc6 24. Qxc6 Rxc6 25. Kc2 Rd6 26. Rxd6 exd6 1/2-1/2

[Event "World Youth Girl U14 2016"]
[Site "Khanty-Mansiysk RUS"]
[Date "2016.09.25"]
[Round "4.26"]
[White "Makarova, Anastasiya"]
[Black "Nomindalai, Tumurbaatar"]
[Result "0-1"]
[BlackTitle "CM"]
[WhiteElo "1471"]
[BlackElo "1757"]
[WhiteFideId "54102731"]
[BlackFideId "4904095"]
[EventDate "2016.09.22"]

1. c4 Nf6 2. Nc3 Nc6 3. e4 d6 4. h3 g6 5. g3 Bg7 6. Bg2 O-O 7. Nge2 Be6 8. d3
Qd7 9. f4 a6 10. g4 Qc8 11. f5 Bd7 12. Be3 b5 13. Qd2 bxc4 14. dxc4 Ne5 15. b3
Bc6 16. Rd1 a5 17. Bh6 a4 18. Bxg7 Kxg7 19. Nd5 Nxd5 20. exd5 Bd7 21. O-O axb3
22. axb3 Ra3 23. Qb2 Qa6 24. Ra1 Ra8 25. Rxa3 Qxa3 26. Qc3 Qc5+ 27. Nd4 Ra3 28.
Kh1 Qa5 29. Qxa5 Rxa5 30. Re1 gxf5 31. gxf5 Kf6 32. Be4 Ra2 33. Nc2 Rb2 34. Nd4
Rd2 35. Nc2 Nd3 36. Re3 Nf2+ 37. Kg1 Nxe4 38. Ne1 Bxf5 39. Nf3 Rd1+ 40. Kg2 e6
41. dxe6 fxe6 42. Nh4 Rd2+ 43. Kg1 Ng5 44. Nxf5 exf5 45. h4 Ne4 46. Kf1 Ke5 47.
Ke1 Rh2 48. b4 Rxh4 49. c5 dxc5 50. bxc5 f4 51. Rf3 Nxc5 0-1

[Event "World Youth Girl U14 2016"]
[Site "Khanty-Mansiysk RUS"]
[Date "2016.09.25"]
[Round "4.27"]
[White "Bitkova, Elizavetta"]
[Black "Barmagambetova, Sakypzhama"]
[Result "0-1"]
[WhiteElo "1415"]
[BlackElo "1744"]
[WhiteFideId "4506014"]
[BlackFideId "13723103"]
[EventDate "2016.09.22"]

1. Nf3 Nf6 2. d4 e6 3. Bf4 d5 4. e3 Be7 5. Bd3 O-O 6. Nbd2 c5 7. c4 Nc6 8. cxd5
exd5 9. dxc5 Bxc5 10. O-O Nb4 11. Nb3 Be7 12. a3 Nxd3 13. Qxd3 a5 14. Rac1 Qe8
15. Nbd4 b6 16. Qb3 Bc5 17. Ne5 a4 18. Qc2 Nh5 19. Nef3 Nxf4 20. exf4 Qe4 21.
Qd2 Qg6 22. Ne5 Qf6 23. Nb5 Qd8 24. Nd3 Ba6 25. Nc3 Be7 26. Rfe1 Bb7 27. Nb5 d4
28. Rc7 Qd5 29. f3 Bf6 30. Ne5 Qxb5 31. Rxb7 Bxe5 32. Rxe5 Qc6 33. Rbe7 Rad8 34.
Re4 d3 35. Re3 Qc2 36. Re2 Rc8 37. Rf2 Qb3 38. Rd7 Rc2 39. Qxd3 Rc1+ 40. Rf1
Qxb2 41. Rd8 Rxf1+ 42. Kxf1 g6 43. Rd4 Rc8 44. Re4 Rc1+ 45. Re1 Rxe1+ 46. Kxe1
Qxg2 47. Qd8+ Kg7 48. Qxb6 Qh1+ 49. Ke2 Qxh2+ 50. Ke3 Qg1+ 0-1

[Event "World Youth Girl U14 2016"]
[Site "Khanty-Mansiysk RUS"]
[Date "2016.09.25"]
[Round "4.29"]
[White "Sahin, Hayrun Nisa"]
[Black "Gronn, Embla Ekeland"]
[Result "0-1"]
[WhiteElo "1725"]
[BlackElo "1533"]
[WhiteFideId "6380875"]
[BlackFideId "1517600"]
[EventDate "2016.09.22"]

1. e4 c6 2. d4 d5 3. exd5 cxd5 4. c4 Nf6 5. Nc3 e6 6. c5 Nc6 7. Nf3 Be7 8. a3 a5
9. Na4 O-O 10. Bd3 Nd7 11. O-O b6 12. Qc2 bxc5 13. Bxh7+ Kh8 14. dxc5 g6 15.
Bxg6 fxg6 16. Qxg6 Rf6 17. Qh5+ Kg7 18. Bg5 Rg6 19. Bf4 Qh8 20. Qxh8+ Kxh8 21.
Nb6 Nxb6 22. cxb6 Bd8 23. Rac1 Bb7 24. Ne5 Nxe5 25. Bxe5+ Kg8 26. Bc7 Bxc7 27.
Rxc7 Rg7 28. Rfc1 Rxc7 29. Rxc7 Rc8 30. Rxc8+ Bxc8 31. f4 Kf7 32. Kf2 e5 33.
fxe5 Ke6 34. Ke3 Kxe5 35. g3 d4+ 36. Kd3 Ba6+ 37. Kd2 Kd6 38. g4 Kc6 39. b3 Kxb6
40. g5 Bc8 41. Kd3 Kc5 42. b4+ axb4 43. axb4+ Kd5 44. Kd2 Bf5 45. h4 Bg6 46. b5
Kc5 47. b6 Kxb6 48. Kc1 Kc5 49. Kd1 Kc4 50. Kd2 d3 0-1

[Event "World Youth Girl U14 2016"]
[Site "Khanty-Mansiysk RUS"]
[Date "2016.09.25"]
[Round "4.30"]
[White "Puppi Lazo, Stephanie Beatriz"]
[Black "Ebeling, Mariela"]
[Result "0-1"]
[WhiteElo "1710"]
[BlackElo "1459"]
[WhiteFideId "3826104"]
[BlackFideId "508080"]
[EventDate "2016.09.22"]

1. e4 e5 2. Nf3 Nc6 3. Bc4 Nf6 4. d3 Be7 5. O-O O-O 6. Re1 d6 7. c3 Na5 8. Bb5
a6 9. Ba4 b5 10. Bc2 c5 11. d4 cxd4 12. cxd4 exd4 13. Nxd4 Qc7 14. Nc3 Nc6 15.
Nde2 Re8 16. Nd5 Nxd5 17. exd5 Ne5 18. a4 Bb7 19. Be4 Bf6 20. Nd4 bxa4 21. Rxa4
g6 22. Ra3 Rac8 23. Rc3 Qb6 24. Rb3 Qc7 25. f4 Nd7 26. Rc3 Qb6 27. Rd3 Bxd4+ 28.
Kh1 Bg7 29. Be3 Qd8 30. Bf3 Nf6 31. Rb3 Ba8 32. g4 h6 33. Kg2 Rb8 34. Ra3 Rxb2+
35. Kg3 a5 36. h4 Rb7 37. Qa4 Rbe7 38. Rb3 Bxd5 39. Bxd5 Nxd5 40. Qa3 Bd4 41.
Bxd4 Rxe1 42. Rb5 R1e3+ 43. Bxe3 Rxe3+ 44. Qxe3 Nxe3 0-1

[Event "World Youth Girl U14 2016"]
[Site "Khanty-Mansiysk RUS"]
[Date "2016.09.25"]
[Round "4.31"]
[White "Alekseenko, Mariya"]
[Black "Idirisinghe, I M N H"]
[Result "1-0"]
[WhiteElo "1643"]
[BlackElo "1436"]
[WhiteFideId "44172729"]
[BlackFideId "9915478"]
[EventDate "2016.09.22"]

1. c4 e6 2. e3 d5 3. cxd5 exd5 4. Nf3 Nf6 5. d3 c6 6. a3 Bf5 7. Qc2 Bd6 8. Be2
O-O 9. Nbd2 Nbd7 10. O-O Re8 11. b3 Rc8 12. Bb2 c5 13. Rac1 b5 14. Qb1 c4 15. b4
Ng4 16. e4 dxe4 17. dxe4 Ngf6 18. exf5 Rxe2 19. Qc2 Qc7 20. h3 Ree8 21. Nd4 a6
22. N2f3 Ne5 23. Nxe5 Bxe5 24. Nf3 Bxb2 25. Qxb2 Qf4 26. Qc2 Ne4 27. Nd4 Rcd8
28. Rcd1 Nd6 29. g3 Qh6 30. Kg2 Qf6 31. g4 Re4 32. Nf3 Rde8 33. Qd2 Rd8 34. Qd5
Ree8 35. Rfe1 Rxe1 36. Rxe1 c3 37. Qc6 Rc8 38. Qxc8+ Nxc8 39. Re8# 1-0

[Event "World Youth Girl U14 2016"]
[Site "Khanty-Mansiysk RUS"]
[Date "2016.09.25"]
[Round "4.32"]
[White "Smbatyan, Qristine"]
[Black "Nasybullina, Dayana"]
[Result "1-0"]
[WhiteElo "1506"]
[BlackElo "1622"]
[WhiteFideId "13308319"]
[BlackFideId "34127280"]
[EventDate "2016.09.22"]

1. e4 c5 2. Nc3 Nc6 3. g3 g6 4. Bg2 Bg7 5. d3 Rb8 6. Be3 Nd4 7. Nge2 b5 8. a3 e6
9. O-O Ne7 10. Qd2 O-O 11. Nd1 Bb7 12. Rb1 e5 13. c3 Nxe2+ 14. Qxe2 d6 15. f4 f5
16. Nf2 a6 17. Rbd1 Qc7 18. d4 Rbd8 19. fxe5 dxe5 20. dxc5 fxe4 21. Nxe4 Rxf1+
22. Rxf1 Nf5 23. Bf2 Bd5 24. Rd1 Bc4 25. Rxd8+ Qxd8 26. Qd2 Qc7 27. c6 Be6 28.
Nc5 Bc8 29. Nd7 Bxd7 30. Qxd7 Qd6 31. Bd5+ Kh8 32. Qe8+ Bf8 33. c7 1-0

[Event "World Youth Girl U14 2016"]
[Site "Khanty-Mansiysk RUS"]
[Date "2016.09.25"]
[Round "4.33"]
[White "Mairambekova, Aiperi"]
[Black "Tharushi, T H D Niklesha"]
[Result "0-1"]
[WhiteElo "1329"]
[BlackElo "1584"]
[WhiteFideId "13801511"]
[BlackFideId "9918264"]
[EventDate "2016.09.22"]

1. e4 c5 2. Nf3 d6 3. d4 cxd4 4. Nxd4 Nf6 5. Nc3 g6 6. Be2 Bg7 7. Be3 O-O 8. f3
Nc6 9. Qd2 d5 10. exd5 Nxd5 11. Nxd5 Qxd5 12. Nxc6 Qxc6 13. c3 Be6 14. O-O b5
15. Bh6 Rfd8 16. Qe3 Bxh6 17. Qxh6 Qc5+ 18. Kh1 Rd5 19. a3 Rad8 20. Rad1 Rxd1
21. Bxd1 Qf2 22. Rg1 Qxb2 23. Qg5 Qxa3 24. Qxb5 Qxc3 25. Qa6 Qd3 26. Be2 Qxa6
27. Bxa6 Rd2 28. Ra1 Kg7 29. Kg1 Kf6 30. Kf1 Ke5 31. Be2 Ra2 32. Rxa2 Bxa2 33.
Ba6 Kd4 34. Kf2 Bc4 35. Bb7 a5 36. Bc6 Bb3 37. f4 a4 38. Bxa4 Bxa4 0-1

[Event "World Youth Girl U14 2016"]
[Site "Khanty-Mansiysk RUS"]
[Date "2016.09.25"]
[Round "4.34"]
[White "Gomes, Maria Eduarda"]
[Black "Khannanova, Lina"]
[Result "1-0"]
[WhiteElo "1569"]
[BlackElo "1397"]
[WhiteFideId "2158957"]
[BlackFideId "44131623"]
[EventDate "2016.09.22"]

1. d4 f5 2. c4 Nf6 3. Nc3 e6 4. a3 b6 5. e3 Bb7 6. Nf3 d6 7. Be2 h6 8. d5 e5 9.
Nh4 Bc8 10. Bh5+ Kd7 11. Nxf5 c6 12. dxc6+ Nxc6 13. Nb5 Ke6 14. Bg4 Nxg4 15.
Qxg4 Kf6 16. Qf3 Bxf5 17. Qxc6 Rc8 18. Qd5 Rc5 19. Qf3 Rxc4 20. Nc3 e4 21. Qg3
d5 22. f3 Ke6 23. Ne2 g5 24. Nd4+ Kf6 25. b3 Bd6 26. Qf2 Rc8 27. fxe4 dxe4 28.
Qxf5+ Ke7 29. Qxe4+ Kd7 30. Qf5+ Ke8 31. O-O Rf8 32. Qg6+ Kd7 33. Bd2 a5 34.
Qe6+ Kc7 35. Rfc1+ Kb7 36. Qd5+ Kb8 37. Nc6+ Rxc6 38. Qxc6 Bc7 39. Ra2 Rf6 40.
Qc3 Rf7 41. b4 a4 42. Qc4 Qe7 43. Qd4 Qe6 44. Rac2 Qf5 45. Bc3 g4 46. Qh8+ Kb7
47. Qxh6 Rh7 48. Qxh7 Qxh7 49. g3 Qd3 50. Bd4 Bb8 51. Rc3 Qe2 52. Rc6 Ba7 53.
Rc7+ Ka6 54. R7c2 Qd3 55. Rc3 Qe2 56. R3c2 Qd3 57. Rc3 Qe2 58. R1c2 Qb5 59. e4
Qe8 60. e5 Kb5 61. Rc7 Ka6 62. R7c6 Qd7 63. Rd6 Qf5 64. Rdc6 Qd7 65. Rd6 Qf5 66.
Rc1 Kb7 67. e6 Ka6 68. Re1 Qg6 69. Rd7 Qe8 70. Bf6 b5+ 71. Bd4 Bxd4+ 72. Rxd4
Qb8 73. e7 Qb6 74. Re4 Qc6 75. e8=Q Qxe8 76. Rxe8 1-0

[Event "World Youth Girl U14 2016"]
[Site "Khanty-Mansiysk RUS"]
[Date "2016.09.25"]
[Round "4.35"]
[White "Parhomenko, Anastasija"]
[Black "Zavgorodneva, Ekaterina"]
[Result "1-0"]
[WhiteElo "1506"]
[BlackElo "1512"]
[WhiteFideId "11606185"]
[BlackFideId "34139351"]
[EventDate "2016.09.22"]

1. Nf3 d5 2. b3 Nf6 3. Bb2 e6 4. e3 Bd6 5. d4 O-O 6. Bd3 Nbd7 7. Nbd2 c6 8. Ne5
Re8 9. O-O Nf8 10. f4 N6d7 11. Rf3 f6 12. Ng4 f5 13. Ne5 Nf6 14. Rh3 N8d7 15. c4
b6 16. Nxc6 Qc7 17. cxd5 Nxd5 18. Rc1 Qb7 19. Qe2 Bxf4 20. exf4 Nxf4 21. Qf3
Nxh3+ 22. Qxh3 Nf6 23. Ne5 Bd7 24. g4 g6 25. Re1 Nd5 26. Qf3 Bc6 27. Qg3 f4 28.
Qf2 g5 29. Ne4 Rad8 30. Nxg5 h6 31. Ne4 Rf8 32. Qh4 Kg7 33. g5 Rh8 34. gxh6+
Rxh6 35. Qg5+ Kh7 36. Nd6+ Kh8 37. Ndf7+ 1-0

[Event "World Youth Girl U14 2016"]
[Site "Khanty-Mansiysk RUS"]
[Date "2016.09.26"]
[Round "5.1"]
[White "Solozhenkina, Elizaveta"]
[Black "Wang, Annie"]
[Result "1-0"]
[WhiteTitle "WFM"]
[BlackTitle "WIM"]
[WhiteElo "2320"]
[BlackElo "2013"]
[WhiteFideId "34106615"]
[BlackFideId "2053900"]
[EventDate "2016.09.22"]

1. e4 e6 2. d4 d5 3. Nc3 Nf6 4. e5 Nfd7 5. f4 c5 6. Nf3 Nc6 7. Be3 a6 8. Qd2 b5
9. dxc5 Bxc5 10. Bd3 Qb6 11. Bf2 h6 12. O-O Bxf2+ 13. Qxf2 Qxf2+ 14. Kxf2 g5 15.
g3 g4 16. Nd2 Ke7 17. Ne2 Bb7 18. Nb3 Rac8 19. Nbd4 Nc5 20. Ke3 f6 21. Nxc6+
Bxc6 22. exf6+ Kxf6 23. Nd4 Be8 24. b4 Na4 25. Rae1 Bf7 26. Kd2 Nb6 27. Re3 Rhe8
28. Rfe1 h5 29. R3e2 Rc7 30. Nb3 Nd7 31. Rf2 Rec8 32. Rfe2 Re8 33. a3 Rcc8 34.
Rf2 Rc7 35. Ra1 Rb8 36. a4 Bg6 37. Bxg6 Kxg6 38. axb5 axb5 39. Re2 Rb6 40. Nd4
Rc4 41. Nxe6 Kf6 42. Ng5 Rbc6 43. Kd1 Rxb4 44. Ra7 Rd6 45. Ra8 Rb1+ 46. Kd2 Nc5
47. Rh8 Ne4+ 48. Nxe4+ dxe4+ 49. Ke3 Kg6 50. Re8 b4 51. Rxe4 b3 52. cxb3 Rxb3+
53. Kf2 Rf3+ 54. Kg2 Rdd3 55. Re6+ Kg7 56. R6e5 Kh6 57. Re7 Kg6 58. R7e6+ Kg7
59. R6e5 Kh6 60. Re8 Kg7 61. R2e7+ Kf6 62. Re6+ Kf5 63. Re2 Kg6 64. Rg8+ Kh6 65.
Rh8+ Kg6 66. Re6+ Kg7 67. Rhe8 Rd2+ 68. Re2 Rdd3 69. R8e4 Kg6 70. Ra4 Rd6 71.
Ra5 Kh6 72. Rg5 Ra3 73. Rb2 Rda6 74. h3 Ra2 75. Rb5 Rxb2+ 76. Rxb2 gxh3+ 77.
Kxh3 Ra5 78. Kh4 Kg6 79. Rb6+ Kg7 80. Re6 Ra3 81. Re5 Kg6 82. Rg5+ Kf6 83. Rxh5
Ra4 84. Kg4 Ra3 85. Rb5 Ra6 86. Rb4 Rc6 87. f5 Rc3 88. Rb6+ Kf7 89. Kf4 Ra3 90.
g4 Ra7 91. Kg5 Kg7 92. f6+ Kf7 93. Rb5 Ra4 94. Rb7+ Kf8 95. Kf5 Rc4 96. g5 Rc5+
97. Kg6 Rc8 98. Rh7 1-0

[Event "World Youth Girl U14 2016"]
[Site "Khanty-Mansiysk RUS"]
[Date "2016.09.26"]
[Round "5.2"]
[White "Priyanka, Nutakki"]
[Black "Maltsevskaya, Aleksandra"]
[Result "1/2-1/2"]
[WhiteElo "2070"]
[BlackElo "2319"]
[WhiteFideId "25049615"]
[BlackFideId "24174041"]
[EventDate "2016.09.22"]

1. d4 Nf6 2. c4 g6 3. Nc3 Bg7 4. e4 d6 5. Be2 O-O 6. Bg5 h6 7. Be3 c5 8. e5 dxe5
9. dxe5 Qxd1+ 10. Rxd1 Ng4 11. Bxc5 Nxe5 12. Nd5 Nbc6 13. f4 Ng4 14. Bf3 Bxb2
15. Ne2 Bg7 16. O-O Kh7 17. Rb1 Bf5 18. Rxb7 Na5 19. Rb5 Nxc4 20. h3 Nd2 21.
Bxg4 Bxg4 22. hxg4 Nxf1 23. Kxf1 Rab8 24. Rxb8 Rxb8 25. Bxa7 Ra8 26. Be3 Ra3 27.
Bc1 Rxa2 28. Nxe7 Ra5 29. Be3 Ra6 30. Nd5 Rd6 31. Nb4 Bf8 32. Kf2 Rd1 33. Nc6
Bg7 34. Bd4 Bxd4+ 35. Nexd4 Rd2+ 36. Kg3 Rd3+ 37. Nf3 Kg7 38. Ne5 Ra3 39. Kh2
Ra4 40. g3 Ra2+ 41. Kh3 Rf2 42. g5 h5 43. Nd4 Rd2 44. Nb5 f6 45. Nf3 Rb2 46. Nd6
fxg5 47. Nxg5 Ra2 48. Nf3 Ra4 49. Ne5 Kf6 50. Nf3 Kg7 51. Nb5 Rb4 52. Nbd4 Kf6
53. Nc6 Ra4 54. Nce5 Ra5 55. Nd7+ Kg7 56. Ng5 Ra4 57. Ne6+ Kf7 58. Nec5 Ra5 59.
Kh4 Ke7 60. Kh3 Rb5 1/2-1/2

[Event "World Youth Girl U14 2016"]
[Site "Khanty-Mansiysk RUS"]
[Date "2016.09.26"]
[Round "5.3"]
[White "Goltseva, Ekaterina"]
[Black "Zhu, Jiner"]
[Result "0-1"]
[WhiteTitle "WFM"]
[WhiteElo "2212"]
[BlackElo "2024"]
[WhiteFideId "24173770"]
[BlackFideId "8608059"]
[EventDate "2016.09.22"]

1. d4 Nf6 2. Nf3 g6 3. Nbd2 d5 4. b4 Bg7 5. e3 O-O 6. Bb2 c6 7. c4 a5 8. b5 a4
9. Ba3 cxb5 10. cxb5 Re8 11. Be2 Nbd7 12. O-O e5 13. Nxe5 Nxe5 14. dxe5 Rxe5 15.
Bb2 Re8 16. Nf3 Be6 17. Bd4 Ne4 18. Rc1 Qa5 19. Qe1 Qxe1 20. Rfxe1 Rec8 21. Bxg7
Kxg7 22. a3 Rc3 23. Rxc3 Nxc3 24. Nd4 Nxe2+ 25. Rxe2 Rc8 26. Rc2 Rxc2 27. Nxc2
Kf6 28. Nd4 Bd7 29. Kf1 Ke5 30. Ke2 Kd6 31. Kd3 Kc5 32. Kc3 Bxb5 33. Nc2 Bf1 34.
g3 Bh3 35. Nb4 Bf5 36. Na2 g5 37. Nb4 h5 38. Na2 h4 39. Nb4 h3 40. Na2 g4 41.
Nb4 Bb1 42. Kb2 Be4 43. Kc3 Bf5 44. Na2 d4+ 45. exd4+ Kd5 46. Nc1 Ke4 47. Ne2
Kf3 48. Nf4 Kxf2 49. Kd2 Kg1 50. Ke1 Kxh2 51. Kf2 b5 52. Ne2 b4 53. axb4 a3 54.
Nc1 Bd7 55. d5 f5 56. d6 f4 57. Ne2 a2 0-1

[Event "World Youth Girl U14 2016"]
[Site "Khanty-Mansiysk RUS"]
[Date "2016.09.26"]
[Round "5.4"]
[White "Gomez Barrera, Javiera Belen"]
[Black "Badelka, Olga"]
[Result "0-1"]
[WhiteTitle "WFM"]
[WhiteElo "2027"]
[BlackElo "2222"]
[WhiteFideId "3418723"]
[BlackFideId "13509926"]
[EventDate "2016.09.22"]

1. e4 c5 2. Nf3 Nc6 3. Bb5 e6 4. O-O Nge7 5. d4 cxd4 6. Nxd4 a6 7. Be2 Nxd4 8.
Qxd4 Nc6 9. Qc3 Qf6 10. Qxf6 gxf6 11. Be3 d5 12. exd5 Nb4 13. Nc3 Nxc2 14. Rad1
Nxe3 15. fxe3 Be7 16. e4 Bd7 17. dxe6 fxe6 18. Bh5+ Kd8 19. Na4 b5 20. Rxd7+
Kxd7 21. Nb6+ Kd6 22. Nxa8 Rxa8 23. Rc1 a5 24. Bf3 Ke5 25. Rc7 Bd6 26. Rb7 Rc8
27. Rxb5+ Kd4 28. Rb3 a4 29. Rc3 a3 30. Rb3 Rc1+ 31. Kf2 Rc2+ 32. Be2 axb2 33.
a4 Bc5 34. Rb5 Kxe4+ 0-1

[Event "World Youth Girl U14 2016"]
[Site "Khanty-Mansiysk RUS"]
[Date "2016.09.26"]
[Round "5.5"]
[White "Antova, Gabriela"]
[Black "Urh, Zala"]
[Result "1-0"]
[WhiteTitle "FM"]
[BlackTitle "WFM"]
[WhiteElo "2253"]
[BlackElo "1939"]
[WhiteFideId "2915235"]
[BlackFideId "14611481"]
[EventDate "2016.09.22"]

1. Nf3 Nf6 2. d4 e6 3. g3 d5 4. Bg2 Be7 5. c4 dxc4 6. O-O Nbd7 7. Qa4 a6 8. Qxc4
b5 9. Qc2 Bb7 10. Nbd2 O-O 11. b3 c5 12. Bb2 Rc8 13. Qd3 cxd4 14. Qxd4 Nc5 15.
Rac1 Qxd4 16. Nxd4 Bxg2 17. Kxg2 Nd5 18. a3 Bd6 19. Rc2 Rc7 20. e4 Nb6 21. e5
Nd3 22. exd6 Rxc2 23. Nxc2 Nxb2 24. Nb4 Rd8 25. Nxa6 Rxd6 26. Ne4 Rd3 27. Nac5
Rd5 28. Rc1 Kf8 29. Kf1 Nd3 30. Nxd3 Rxd3 31. Rc3 Rd4 32. Ng5 Nd5 33. Rc8+ Ke7
34. Rb8 b4 35. Rb7+ Ke8 36. axb4 Rxb4 37. Nxf7 Rxb7 38. Nd6+ Kd7 39. Nxb7 Kc6
40. Nd8+ Kd7 41. Nf7 h6 42. Ne5+ Kd6 43. Nd3 e5 44. f3 Ne3+ 45. Kf2 Nc2 46. b4
Nd4 47. h4 g5 48. h5 Kd5 49. Nc5 Nc6 50. Ne4 Ne7 51. b5 Ng8 52. Ke3 Ne7 53. Kd3
Ng8 54. g4 Ne7 55. Ng3 Kc5 56. Nf5 Nd5 57. Nxh6 Nf6 58. Nf7 e4+ 59. fxe4 Nxg4
60. h6 1-0